000 01579nam a2200361 a 4500
001 ebr10224496
003 CaPaEBR
006 m u
007 cr cn|||||||||
008 070911s2008 enka sb 001 0 eng d
010 _z 2007037045
020 _z9780754649663 (alk. paper)
020 _z9780754688129
040 _aCaPaEBR
_cCaPaEBR
035 _a(OCoLC)646740281
050 1 4 _aBF575.F2
_bF395 2008eb
082 0 4 _a152.4/6
_222
245 0 0 _aFear
_h[electronic resource] :
_bcritical geopolitics and everyday life /
_cedited by Rachel Pain, Susan J. Smith.
260 _aAldershot, Hants, England ;
_aBurlington, Vt. :
_bAshgate,
_cc2008.
300 _axii, 256 p. :
_bill.
490 1 _aRe-materialising cultural geography
504 _aIncludes bibliographical references and index.
505 0 _asection 1. State fears and popular fears -- section 2. Fear of nature and the nature of fear -- section 3. Encountering fear and otherness -- section 4. Regulating fear -- section 5. Fear, resistance and hope.
533 _aElectronic reproduction.
_bPalo Alto, Calif. :
_cebrary,
_d2013.
_nAvailable via World Wide Web.
_nAccess may be limited to ebrary affiliated libraries.
650 0 _aFear.
650 0 _aSocial psychology.
655 7 _aElectronic books.
_2local
700 1 _aPain, Rachel.
700 1 _aSmith, Susan,
_d1956-
710 2 _aebrary, Inc.
830 0 _aRe-materialising cultural geography.
856 4 0 _uhttp://site.ebrary.com/lib/rucke/Doc?id=10224496
_zAn electronic book accessible through the World Wide Web; click to view
999 _c40067
_d40067